00376nam a22001337a 450000500170000000800410001704100130005808200120007110000130008324500400009626000560013630000240019265000260021620240712071556.0240712b |||||||| |||| 00| 0 eng d aEnglish  a349 PRE lEnglish  aPrentice Hall Weekly Legal Service  aDurban: bPrentice Hall Services (Pty) Ltd, c1976  b72 pages; c26 cm.  aLegal practice bLaw